000 00935nam a22002897a 4500
001 10081
003 FISKH
005 20260403132150.0
008 260403b cb ||||| |||| 00| 0 eng d
020 _a0864150083
040 _aFISKH
_beng
_cFISKH
_dFISKH
050 _aPZ7
082 _a664
100 _aPepper, Susan
_eAuthor
245 _aBakery :
_bBehind the scenes /
_cText : Susan Pepper ; photography : Chris Fairclough
260 _aSydney :
_bFranklin Watts ,
_c1984
300 _a30 pages :
_bphotographs ;
_c22 cm
505 _aJ
520 _aA behind-the-scenes look at a bakery, showing how bread, cakes, and other baked goods are made, from ingredients to finished products.
521 8 _a500
_bLexile estimate
521 8 _aJ
_bRaz-Plus
650 _aBaking
_vFood
650 _aJobs
_vCommunity helpers
700 _aFairclough, Chris
_ePhotographer
942 _2ddc
_cBK
_n0
999 _c10081
_d10081